| 000 | 00926nam a22002417a 4500 | ||
|---|---|---|---|
| 001 | 38871 | ||
| 003 | BD-RjUL | ||
| 005 | 20211209052856.0 | ||
| 008 | 160424r20102009bg ||||| |||| 001 e ben d | ||
| 020 |
_a9788177568189 _c: Tk. 250.00 |
||
| 035 | _a(BD-RjUL) 38981 | ||
| 040 |
_aBD-RjUL _bben _cBD-RjUL |
||
| 041 | _aben | ||
| 082 |
_223 _bDUJ 2010 _a891.44409 |
||
| 100 |
_aদত্ত, অম্লান _9119885 |
||
| 245 | 1 | 0 |
_aযে কথা বলিতে চাই / _cঅম্লান দত্ত |
| 250 | _a২য় | ||
| 260 |
_aকলকাতা : _bআনন্দ পাবলিশার্স, _c২০০৯ [মুদ্রণ ২০১০] |
||
| 300 |
_a১৩১ পৃ. ; _c২১ সেমি. |
||
| 650 |
_aবাংলা প্রবন্ধ _vইতিহাস ও সমালোচনা _9119946 |
||
| 650 |
_aBengali Essays _vHistory and Criticism _9119947 |
||
| 942 |
_2ddc _cBK |
||
| 999 |
_c38871 _d38871 |
||